| 000 | 00716cam a2200229 4500 | ||
|---|---|---|---|
| 001 | ABS67230 | ||
| 008 | 031107n2003 000 0 eng u | ||
| 035 | _a(Sirsi) u124259 | ||
| 245 | _aRegional survey: East Midlands | ||
| 260 | _c2003 | ||
| 490 |
_aProperty Week _v68(40) 10 October 2003, 99-118(8) |
||
| 590 | _aABS | ||
| 650 | _aEAST MIDLANDS | ||
| 650 | _aLINCOLN | ||
| 650 | _aPROPERTY-COMMERCIAL PROPERTY-RETAIL PROPERTY-RETAIL PROPERTY MARKET | ||
| 650 | _aNOTTINGHAM | ||
| 650 | _aLINCOLNSHIRE | ||
| 650 | _aINDUSTRIAL MARKET | ||
| 650 | _aPROPERTY-COMMERCIAL PROPERTY-OFFICE PROPERTY-OFFICE PROPERTY MARKET | ||
| 690 | _aPROPERTY-COMMERCIAL PROPERTY-COMMERCIAL PROPERTY MARKET | ||
| 942 | _n0 | ||
| 999 |
_c73759 _d73759 |
||